La dérégulation bancaire et financière et ses conséquences, ou les contradictions de l’héritage reaganien en matière économique (notice n° 1631312)
[ vue normale ]
| 000 -LEADER | |
|---|---|
| fixed length control field | 02183cam a2200169 4500500 |
| 005 - DATE AND TIME OF LATEST TRANSACTION | |
| control field | 20260111105014.0 |
| 041 ## - LANGUAGE CODE | |
| Language code of text/sound track or separate title | fre |
| 042 ## - AUTHENTICATION CODE | |
| Authentication code | dc |
| 100 10 - MAIN ENTRY--PERSONAL NAME | |
| Personal name | Péréon, Yves-Marie |
| Relator term | author |
| 245 00 - TITLE STATEMENT | |
| Title | La dérégulation bancaire et financière et ses conséquences, ou les contradictions de l’héritage reaganien en matière économique |
| 260 ## - PUBLICATION, DISTRIBUTION, ETC. | |
| Date of publication, distribution, etc. | 2017.<br/> |
| 500 ## - GENERAL NOTE | |
| General note | 32 |
| 520 ## - SUMMARY, ETC. | |
| Summary, etc. | Pilier de la « Reaganomics », la dérégulation illustre la volonté de rupture avec une tradition remontant au New Deal. S’inscrivant dans la puissante rhétorique reaganienne du « moins d’État », elle a inspiré les politiques publiques mises en œuvre par les successeurs immédiats du 40e président. Mais la crise financière de 2007-2008, causée en partie par l’absence de surveillance des acteurs du marché, a contraint l’État fédéral à intervenir massivement pour éviter une crise systémique. Les leaders du GOP ont combattu le Dodd Frank Act de 2010, qui paraissait renouer avec la tradition rooseveltienne. Ils continuent à proclamer leur fidélité inconditionnelle à la politique de dérégulation, tout en dénonçant le coût des plans de sauvetage mis en œuvre par l’État-Léviathan de Washington. |
| 520 ## - SUMMARY, ETC. | |
| Summary, etc. | A cornerstone of « Reaganomics », deregulation was a deliberate break with a tradition going back to the New Deal era. Part and parcel of Reagan’s powerful anti-government rhetoric, it inspired the policies conducted by his immediate successors. Yet the 2007-2008 financial crisis, resulting in part from a lack of supervision of market players, forced the federal government to step in massively in order to avoid a systemic crisis. The Republican leadership opposed the 2010 Dodd-Frank Act, which seemed to revive the Rooseveltian tradition. They keep proclaiming their uncritical allegiance to the policy of deregulation, while denouncing at the same time the cost of the bailout plans engineered by Washington’s Big Government. |
| 786 0# - DATA SOURCE ENTRY | |
| Note | Politique américaine | 29 | 1 | 2017-05-01 | p. 43-68 | 1771-8848 |
| 856 41 - ELECTRONIC LOCATION AND ACCESS | |
| Uniform Resource Identifier | <a href="https://shs.cairn.info/revue-politique-americaine-2017-1-page-43?lang=fr&redirect-ssocas=7080">https://shs.cairn.info/revue-politique-americaine-2017-1-page-43?lang=fr&redirect-ssocas=7080</a> |
Pas d'exemplaire disponible.




Réseaux sociaux